000 01146cam a2200349 i 4500
001 016621336
003 EG-ScBUE
005 20260318102924.0
008 140129t2015 nyua f bd 001 0 eng d
020 _a9781259255762 (pbk.)
020 _a125925576X
040 _aEG-ScBUE
_beng
_erda
_cEG-ScBUE
_dEG-ScBUE
082 0 4 _a579
_bCOW
_222
100 1 _aCowan, M. Kelly,
_937471
_eauthor.
245 1 0 _aMicrobiology :
_ba systems approach /
_cMarjorie Kelly Cowan, Miami University.
250 _aFourth edition.
250 _aMcGraw-Hill international edition.
264 1 _aNew York, NY :
_bMcGraw-Hill Education,
_c[2015]
264 4 _cc2015
300 _a1 volume (various pagings) :
_bcolor illustrations ;
_c28 cm
336 _2rdacontent
_atext
_btxt
337 _aunmediated
_2rdamedia
_bn
338 _avolume
_bnc
_2rdacarrier
500 _aIncludes appendixes.
500 _aIncludes glossary.
500 _aPrevious edition : 2012.
504 _aIncludes bibliographical references and index.
650 7 _aMicrobiology.
_923968
_2BUEsh
653 _bPPhrm
_cMarch2015
655 _vReading book
_933728
942 _2ddc
_cBB
999 _c19112
_d19084